[Event "89th ch-ARG 2014"]
[Site "Saenz Pena ARG"]
[Date "2014.07.16"]
[Round "10.5"]
[White "Obregon, Andres Carlos"]
[Black "Pichot, Alan"]
[Result "0-1"]
[WhiteTitle "IM"]
[BlackTitle "IM"]
[WhiteElo "2502"]
[BlackElo "2424"]
[WhiteFideId "111724"]
[BlackFideId "110973"]
[EventDate "2014.07.09"]

1. e4 c5 2. Nf3 e6 3. d4 cxd4 4. Nxd4 a6 5. Bd3 Qc7 6. O-O Nf6 7. Qe2 d6 8. b3
Be7 9. Bb2 b6 10. f4 Nbd7 11. c4 Bb7 12. Nc3 O-O 13. Kh1 Rfe8 14. Rae1 Rad8 15.
Nf3 g6 16. Bb1 Nh5 17. f5 Ne5 18. Qd2 Bf6 19. Rd1 Nxf3 20. gxf3 Be5 21. fxe6
fxe6 22. Ne2 d5 23. Bxe5 Qxe5 24. cxd5 exd5 25. Nc3 Nf4 26. exd5 Bxd5 27. Be4
Bxe4 28. Qxd8 Bxf3+ 29. Rxf3 Rxd8 30. Rxd8+ Kg7 31. Rd1 b5 32. b4 Qc7 33. a3 Qc6
34. Rf1 Nd3 35. Ne2 Ne5 36. Ng1 g5 37. h3 h5 38. Kh2 Nxf3+ 39. Rxf3 Qc2+ 40. Kh1
Qd2 41. Rg3 Kh6 42. Rf3 g4 43. Rg3 Qf2 44. Rg2 Qf4 45. hxg4 hxg4 46. Ne2 Qf3 47.
Kh2 Kg5 0-1

[Event "89th ch-ARG 2014"]
[Site "Saenz Pena ARG"]
[Date "2014.07.16"]
[Round "10.6"]
[White "Real De Azua, Ernesto"]
[Black "Felgaer, Ruben"]
[Result "0-1"]
[WhiteTitle "IM"]
[BlackTitle "GM"]
[WhiteElo "2443"]
[BlackElo "2549"]
[WhiteFideId "108154"]
[BlackFideId "107069"]
[EventDate "2014.07.09"]

1. d4 d5 2. c4 c6 3. Nf3 Nf6 4. Nc3 dxc4 5. a4 Na6 6. e3 Bg4 7. Bxc4 e6 8. h3
Bh5 9. g4 Bg6 10. Ne5 Nb4 11. Kf1 Nd7 12. Nxg6 hxg6 13. a5 Be7 14. Bd2 b5 15.
axb6 axb6 16. Kg2 O-O 17. Rxa8 Qxa8 18. Qf3 b5 19. Be2 f5 20. e4 Nc2 21. Qd3 Nb4
22. Qf3 Nb6 23. h4 Nc4 24. Bxc4 bxc4 25. h5 g5 26. exf5 exf5 27. Qe2 Bf6 28.
Qxc4+ Kh8 29. gxf5 c5+ 30. Kg1 Bxd4 31. Be3 Bxe3 32. fxe3 Qa1+ 33. Kg2 Qxb2+ 34.
Ne2 Nd5 35. Rh3 Qd2 36. h6 Nxe3+ 37. Rxe3 Qxe3 38. hxg7+ Kxg7 39. Ng3 Qd2+ 40.
Kg1 Qd1+ 41. Kg2 Qd2+ 42. Kh3 Qd6 43. Kg4 Kh6 44. Kf3 Rd8 0-1

[Event "89th ch-ARG 2014"]
[Site "Saenz Pena ARG"]
[Date "2014.07.16"]
[Round "10.7"]
[White "Liascovich, Lucas"]
[Black "Slipak, Sergio"]
[Result "1-0"]
[WhiteTitle "IM"]
[BlackTitle "GM"]
[WhiteElo "2478"]
[BlackElo "2452"]
[WhiteFideId "108634"]
[BlackFideId "100250"]
[EventDate "2014.07.09"]

1. d4 d5 2. Nc3 c6 3. e4 dxe4 4. Nxe4 Bf5 5. Ng3 Bg6 6. Bc4 e6 7. N1e2 Bd6 8.
Nf4 Nf6 9. c3 Nd5 10. Nxg6 hxg6 11. Qf3 Nd7 12. Ne4 Be7 13. h4 N7b6 14. Bb3 f5
15. Nc5 Bxc5 16. dxc5 Nd7 17. Qg3 Nxc5 18. Qxg6+ Kf8 19. Qg5 Qd6 20. Bxd5 cxd5
21. h5 Qe5+ 22. Be3 Ne4 23. Qg6 Qf6 24. O-O-O f4 25. Bd4 e5 26. f3 Ng3 27. Bc5+
Kg8 28. Rhe1 Rxh5 29. Qxf6 gxf6 30. Rxd5 b6 31. Bg1 Kf7 32. a4 Ke6 33. c4 Rh1
34. Kd1 Nf5 35. Rd2 Rg8 36. c5 Rxg1 37. Rxg1 bxc5 38. Ke2 Rb8 39. Kf2 Rb4 40.
Rc1 c4 41. a5 Nd4 42. Rc3 Nb3 43. Rd8 Nxa5 44. Rc2 Nc6 45. Rc8 Kd5 46. Rd2+ Nd4
47. Ra8 Rb7 48. Rf8 Rb6 49. g3 Rb3 50. Kg2 Rd3 51. Rf2 fxg3 52. Kxg3 e4 53. Rxf6
e3 54. Rf1 Nc2 55. Rf5+ Kd6 56. Rf6+ Kd5 57. Rh1 e2 58. Rh5+ Kd4 59. Kf4 c3 60.
b3 Rxf3+ 61. Kxf3 Kd3 62. Rd5+ Nd4+ 63. Rxd4+ Kxd4 64. Kxe2 1-0

[Event "89th ch-ARG 2014"]
[Site "Saenz Pena ARG"]
[Date "2014.07.17"]
[Round "11.1"]
[White "Slipak, Sergio"]
[Black "Alonso, Salvador"]
[Result "1/2-1/2"]
[WhiteTitle "GM"]
[BlackTitle "GM"]
[WhiteElo "2452"]
[BlackElo "2508"]
[WhiteFideId "100250"]
[BlackFideId "105198"]
[EventDate "2014.07.09"]

1. Nf3 c5 2. e3 g6 3. d4 Bg7 4. dxc5 Qa5+ 5. c3 Qxc5 6. b4 Qc7 7. Bb2 Nf6 8. c4
a5 9. a3 axb4 10. axb4 Rxa1 11. Bxa1 Nc6 12. Qa4 O-O 13. Be2 d6 14. O-O Bd7 15.
Qa3 Rc8 16. Nbd2 Qd8 17. Bc3 Ra8 18. Qb2 Ne8 19. Nd4 Nxd4 20. Bxd4 Bxd4 21. exd4
Ra7 22. Ra1 Qa8 23. Rxa7 Qxa7 24. c5 Nc7 25. Nc4 dxc5 1/2-1/2

[Event "89th ch-ARG 2014"]
[Site "Saenz Pena ARG"]
[Date "2014.07.17"]
[Round "11.2"]
[White "Felgaer, Ruben"]
[Black "Liascovich, Lucas"]
[Result "1-0"]
[WhiteTitle "GM"]
[BlackTitle "IM"]
[WhiteElo "2549"]
[BlackElo "2478"]
[WhiteFideId "107069"]
[BlackFideId "108634"]
[EventDate "2014.07.09"]

1. e4 c5 2. Nf3 e6 3. d4 cxd4 4. Nxd4 Nc6 5. Nc3 Nf6 6. Ndb5 Bc5 7. Nd6+ Ke7 8.
Nxc8+ Rxc8 9. Bd3 Bb4 10. O-O Bxc3 11. bxc3 Qa5 12. c4 d6 13. f4 e5 14. Kh1 h6
15. Rb1 Qc7 16. Qe1 b6 17. Ba3 Nd7 18. Qg3 Rcg8 19. c5 bxc5 20. Bc4 exf4 21.
Rxf4 Nce5 22. Bd5 Nb6 23. Bb2 Nxd5 24. exd5 Qb7 25. Rff1 Qc7 26. Bxe5 dxe5 27.
d6+ Qxd6 28. Rb7+ Ke8 29. Qg4 1-0

[Event "89th ch-ARG 2014"]
[Site "Saenz Pena ARG"]
[Date "2014.07.17"]
[Round "11.3"]
[White "Pichot, Alan"]
[Black "Real De Azua, Ernesto"]
[Result "0-1"]
[WhiteTitle "IM"]
[BlackTitle "IM"]
[WhiteElo "2424"]
[BlackElo "2443"]
[WhiteFideId "110973"]
[BlackFideId "108154"]
[EventDate "2014.07.09"]

1. e4 g6 2. d4 Bg7 3. Nc3 d6 4. g3 Nf6 5. Bg2 O-O 6. Nge2 e5 7. O-O Nc6 8. dxe5
dxe5 9. Nd5 Nxd5 10. exd5 Ne7 11. c4 Bg4 12. f3 Bd7 13. Be3 Nf5 14. Bf2 Qe7 15.
Qd3 a6 16. Rfe1 Rfe8 17. Nc3 Qb4 18. b3 Nd4 19. f4 Bf5 20. Be4 Bxe4 21. Rxe4 f5
22. Rxe5 Bxe5 23. fxe5 Qxc3 24. Qxd4 Qxd4 25. Bxd4 c6 26. Rd1 cxd5 27. cxd5 Rad8
28. Bb2 Rd7 29. Kf2 Red8 30. d6 Kf7 31. Rc1 Ke6 32. Ke3 g5 33. Kf3 Rf8 34. h4
gxh4 35. Rh1 hxg3 36. Rh6+ Kd5 37. e6 Rxd6 38. Ba3 Rg8 0-1

[Event "89th ch-ARG 2014"]
[Site "Saenz Pena ARG"]
[Date "2014.07.17"]
[Round "11.4"]
[White "Perez Ponsa, Federico"]
[Black "Obregon, Andres Carlos"]
[Result "1/2-1/2"]
[WhiteTitle "GM"]
[BlackTitle "IM"]
[WhiteElo "2521"]
[BlackElo "2502"]
[WhiteFideId "117927"]
[BlackFideId "111724"]
[EventDate "2014.07.09"]

1. d4 d5 2. c4 c6 3. Nf3 Nf6 4. e3 Bg4 5. Qb3 Qb6 6. Nc3 Bxf3 7. gxf3 e6 8. Bd2
Nbd7 9. Qc2 Be7 10. O-O-O dxc4 11. Bxc4 O-O-O 12. f4 g6 13. Kb1 Kb8 14. Rc1 Rc8
15. Rhg1 Rhd8 16. Ka1 Nd5 17. Qa4 Qb4 18. Qxb4 Bxb4 19. a3 Nxc3 20. axb4 Ne4 21.
Be1 Nd6 22. Bb3 a6 23. Kb1 Nf6 24. f3 Nd5 25. Bd2 Nf5 26. Rce1 Rd7 27. Bc2 Nc7
28. Re2 Rcd8 29. Rd1 Nd5 30. Kc1 Kc8 31. Rde1 Nc7 32. b3 Rd6 33. Kb2 R8d7 34.
Rg2 Nb5 35. Ree2 Kd8 36. Be1 Ke8 37. Rg1 Kf8 38. Bf2 Ke8 39. Rd1 Rc7 40. Red2
Rcd7 41. Bd3 Ne7 42. e4 Rd8 43. Bc4 R6d7 44. h4 h5 45. Be3 Kf8 46. Bf2 Ke8 47.
Be3 Kf8 48. Be2 f5 49. Bc4 Kf7 50. Bf2 Rd6 51. Bg1 R8d7 52. Bf2 Rd8 53. Be3 R8d7
54. Bg1 Rd8 55. Be3 R8d7 56. Bf2 Rd8 57. Bg1 R8d7 58. Be3 Rd8 59. Bg1 1/2-1/2

[Event "89th ch-ARG 2014"]
[Site "Saenz Pena ARG"]
[Date "2014.07.17"]
[Round "11.5"]
[White "Mareco, Sandro"]
[Black "Iermito, Sebastian"]
[Result "1/2-1/2"]
[WhiteTitle "GM"]
[BlackTitle "IM"]
[WhiteElo "2592"]
[BlackElo "2475"]
[WhiteFideId "112275"]
[BlackFideId "114286"]
[EventDate "2014.07.09"]

1. c4 c5 2. Nf3 Nc6 3. d4 cxd4 4. Nxd4 Nf6 5. Nc3 d5 6. cxd5 Nxd5 7. Nxc6 bxc6
8. Qc2 e6 9. g3 Nxc3 10. Qxc3 Qd5 11. Rg1 a5 12. a3 Bb4 13. axb4 axb4 14. Rxa8
bxc3 15. Rxc8+ Kd7 16. Rxh8 c2 17. Bd2 Qa5 18. Rd8+ Qxd8 19. e3 Qa8 20. Bc1 Qa5+
21. Ke2 Qh5+ 22. f3 Qxh2+ 23. Rg2 Qh1 24. Ke1 Ke7 25. e4 h5 26. Be3 f6 27. e5 g5
28. exf6+ Kxf6 29. Rxc2 h4 30. gxh4 gxh4 31. Rc4 Kf5 32. Bf2 Qxf3 33. Rxh4 e5
34. Rb4 e4 35. Be2 Qf4 36. Rc4 Qb8 37. b4 Qd6 38. Be3 Qg3+ 39. Kd2 Qd6+ 40. Kc2
Qe6 41. Rc5+ Kg6 42. Bc4 Qd6 43. Bd2 Kh7 44. Rh5+ Kg7 45. Bc3+ Kf8 46. Rf5+ Ke8
47. Re5+ Kd7 48. Rxe4 Qh2+ 49. Re2 Qh7+ 50. Kb2 Kc7 51. Be5+ Kb7 52. Bd6 Qh8+
53. Kc2 Qh7+ 54. Bd3 Qg8 55. Re7+ Ka8 56. Kc3 Qa2 57. Bc4 Qa3+ 58. Kc2 Qa4+ 59.
Bb3 Qa1 60. Bc5 Qh1 61. Bc4 Qg2+ 62. Re2 Qg6+ 63. Kb2 Qf6+ 64. Kb3 Qf3+ 65. Kc2
Qf5+ 66. Bd3 Qd5 67. Re8+ Kb7 68. Re7+ Kb8 69. Be4 Qa2+ 70. Kd1 Qa4+ 71. Ke2
Qa2+ 72. Kf3 Qa6 73. Bd6+ Ka8 74. Kg3 Qa3+ 75. Bf3 Qc1 76. Re5 Ka7 77. Bc5+ Ka6
78. Be3 Qc3 79. Ra5+ Kb7 80. Ra7+ Kb8 81. Bc5 Qe5+ 82. Kf2 Qh2+ 83. Ke3 Qe5+ 84.
Be4 Qc3+ 85. Kf4 Qf6+ 86. Bf5 Qe5+ 87. Kg5 Qf6+ 88. Kf4 Qe5+ 89. Kg4 Qf4+ 1/2-1/2

[Event "89th ch-ARG 2014"]
[Site "Saenz Pena ARG"]
[Date "2014.07.17"]
[Round "11.6"]
[White "Lorenzini, Martin"]
[Black "Manzone, Alessandro"]
[Result "1/2-1/2"]
[WhiteElo "2488"]
[BlackElo "2317"]
[WhiteFideId "105570"]
[BlackFideId "112488"]
[EventDate "2014.07.09"]

1. e4 c5 2. Nf3 e6 3. d3 Nc6 4. g3 g6 5. Bg2 Bg7 6. O-O Nge7 7. c3 e5 8. a3 O-O
9. b4 cxb4 10. axb4 b5 11. Nbd2 a5 12. bxa5 Rxa5 13. Ba3 d6 14. Nb3 Ra4 15. d4
exd4 16. Nfxd4 Nxd4 17. Nxd4 Qb6 18. Qb3 Bd7 19. Bb4 Nc6 20. Nxc6 Qxc6 21. Rad1
Be6 22. Qb1 Rd8 23. e5 d5 24. f4 Bf8 25. Qb2 Qb6+ 26. Rd4 Bxb4 27. cxb4 Ra2 28.
Qxa2 Qxd4+ 29. Qf2 Qxb4 30. g4 d4 31. f5 Bc4 32. Qh4 Re8 33. e6 Qe7 34. exf7+
Qxf7 35. fxg6 Qxg6 36. Rf6 Qd3 37. Rf3 Qd2 38. Bf1 Bxf1 39. Rxf1 Qe3+ 40. Kh1 d3
41. Qh5 Qe5 42. Rf5 Qe4+ 43. Kg1 Qe3+ 44. Kg2 Qe2+ 45. Kg1 Qe7 46. Qg5+ Qxg5 47.
Rxg5+ Kf7 48. Rd5 Re3 49. Kf2 Re2+ 50. Kf3 Rxh2 51. Rxb5 Ke6 52. Ke4 d2 53. Re5+
Kf6 54. Rf5+ Kg6 55. Rd5 1/2-1/2

[Event "89th ch-ARG 2014"]
[Site "Saenz Pena ARG"]
[Date "2014.07.17"]
[Round "11.7"]
[White "Villanueva, Mario"]
[Black "Mahia, Gustavo"]
[Result "1-0"]
[WhiteTitle "IM"]
[BlackTitle "IM"]
[WhiteElo "2413"]
[BlackElo "2366"]
[WhiteFideId "113433"]
[BlackFideId "100439"]
[EventDate "2014.07.09"]

1. e4 e5 2. Nf3 Nc6 3. Bb5 Nf6 4. O-O Nxe4 5. d4 Nd6 6. Bxc6 dxc6 7. dxe5 Nf5 8.
Qxd8+ Kxd8 9. Rd1+ Ke8 10. Nc3 Ne7 11. Nd4 Ng6 12. Ne4 Be7 13. Re1 c5 14. Nb5
Kd7 15. Bg5 Kc6 16. Bxe7 Nxe7 17. Nbc3 h6 18. f4 Bf5 19. Rad1 Rad8 20. Rxd8 Rxd8
21. Kf2 Rd4 22. Kf3 h5 23. h3 h4 24. Ng5 Bxc2 25. Nxf7 Bg6 26. e6 Bh5+ 27. Kf2
Rxf4+ 28. Ke3 Rd4 29. Rf1 a6 30. Rf4 Rxf4 31. Kxf4 Bg6 32. Ke5 b5 33. Nd8+ Kb6
34. Nd5+ Nxd5 35. Kxd5 c4 36. e7 a5 37. Ne6 Bf7 38. Ke4 b4 39. Ke3 a4 40. Kd2 g6
41. Ng7 Kc6 42. e8=Q+ Bxe8 43. Nxe8 Kd7 44. Nf6+ Ke6 45. Ng4 Kd5 46. Ne3+ Kc5
47. Nf1 Kb5 48. Nh2 c5 49. Nf3 a3 50. bxa3 1-0

[Event "89th ch-ARG 2014"]
[Site "Saenz Pena ARG"]
[Date "2014.07.18"]
[Round "12.1"]
[White "Alonso, Salvador"]
[Black "Mahia, Gustavo"]
[Result "1/2-1/2"]
[WhiteTitle "GM"]
[BlackTitle "IM"]
[WhiteElo "2508"]
[BlackElo "2366"]
[WhiteFideId "105198"]
[BlackFideId "100439"]
[EventDate "2014.07.09"]

1. e4 e5 2. Nf3 Nf6 3. Nxe5 d6 4. Nf3 Nxe4 5. d4 d5 6. Bd3 Nc6 7. O-O Be7 8. Nc3
Bf5 9. Re1 Nxc3 10. bxc3 Bxd3 11. Qxd3 O-O 12. Bf4 1/2-1/2

[Event "89th ch-ARG 2014"]
[Site "Saenz Pena ARG"]
[Date "2014.07.18"]
[Round "12.2"]
[White "Manzone, Alessandro"]
[Black "Villanueva, Mario"]
[Result "1/2-1/2"]
[BlackTitle "IM"]
[WhiteElo "2317"]
[BlackElo "2413"]
[WhiteFideId "112488"]
[BlackFideId "113433"]
[EventDate "2014.07.09"]

1. d4 Nf6 2. c4 g6 3. Nc3 Bg7 4. Nf3 O-O 5. g3 d6 6. Bg2 Nc6 7. O-O a6 8. h3 Rb8
9. e4 b5 10. cxb5 axb5 11. Re1 e6 12. Qc2 b4 13. Ne2 Bb7 14. Nd2 Na5 15. Nb3
Nxb3 16. axb3 Nd7 17. Be3 e5 18. Red1 exd4 19. Bxd4 Re8 20. Bxg7 Kxg7 21. Rd4
Ba8 22. Ra4 Nf6 23. Raxb4 Rxb4 24. Rxb4 d5 1/2-1/2

[Event "89th ch-ARG 2014"]
[Site "Saenz Pena ARG"]
[Date "2014.07.18"]
[Round "12.3"]
[White "Iermito, Sebastian"]
[Black "Lorenzini, Martin"]
[Result "1/2-1/2"]
[WhiteTitle "IM"]
[WhiteElo "2475"]
[BlackElo "2488"]
[WhiteFideId "114286"]
[BlackFideId "105570"]
[EventDate "2014.07.09"]

1. e4 e5 2. Nf3 Nc6 3. Bb5 a6 4. Ba4 d6 5. c3 f5 6. exf5 Bxf5 7. O-O Bd3 8. Re1
Be7 9. Bc2 Bxc2 10. Qxc2 Nf6 11. d4 e4 12. Nfd2 d5 13. f3 exf3 14. Nxf3 O-O 15.
Bg5 Nh5 16. Bxe7 Nxe7 17. Nbd2 Ng6 18. Ne5 Nhf4 19. Ndf3 c6 20. Nxg6 Nxg6 21.
Ne5 Nf4 22. Rf1 Qd6 23. g3 Nh3+ 24. Kg2 Ng5 25. Qe2 Ne4 26. Rxf8+ Rxf8 27. Rf1
Rxf1 28. Qxf1 Qe6 29. Qf4 Nf6 30. g4 Ne4 31. h3 h6 32. Nf3 Nd6 33. Ne5 Qe7 34.
Kg3 a5 35. a4 Qe8 36. h4 h5 37. Kg2 Nc4 38. gxh5 Nxe5 39. Qxe5 Qxe5 40. dxe5 Kf7
41. Kf3 Ke6 42. Kf4 c5 43. Kg5 d4 44. cxd4 cxd4 45. Kf4 d3 46. Ke3 Kxe5 47. Kxd3
Kf4 48. Kc4 Kg4 49. Kb5 Kxh5 50. Kxa5 Kxh4 51. Kb6 g5 52. Kxb7 g4 53. a5 g3 54.
a6 g2 55. a7 g1=Q 56. a8=Q Qg7+ 57. Kb8 Qxb2+ 58. Qb7 Qxb7+ 59. Kxb7 1/2-1/2

[Event "89th ch-ARG 2014"]
[Site "Saenz Pena ARG"]
[Date "2014.07.18"]
[Round "12.4"]
[White "Obregon, Andres Carlos"]
[Black "Mareco, Sandro"]
[Result "1/2-1/2"]
[WhiteTitle "IM"]
[BlackTitle "GM"]
[WhiteElo "2502"]
[BlackElo "2592"]
[WhiteFideId "111724"]
[BlackFideId "112275"]
[EventDate "2014.07.09"]

1. e4 c5 2. Nf3 d6 3. d4 cxd4 4. Nxd4 Nf6 5. Nc3 a6 6. Be2 e5 7. Nb3 Be6 8. Bg5
Nbd7 9. Qd3 Be7 10. O-O Rc8 11. Rad1 O-O 12. Kh1 b5 13. a3 1/2-1/2

[Event "89th ch-ARG 2014"]
[Site "Saenz Pena ARG"]
[Date "2014.07.18"]
[Round "12.5"]
[White "Real De Azua, Ernesto"]
[Black "Perez Ponsa, Federico"]
[Result "0-1"]
[WhiteTitle "IM"]
[BlackTitle "GM"]
[WhiteElo "2443"]
[BlackElo "2521"]
[WhiteFideId "108154"]
[BlackFideId "117927"]
[EventDate "2014.07.09"]

1. c4 Nf6 2. Nc3 g6 3. g3 Bg7 4. Bg2 d6 5. e4 c5 6. Nge2 Nc6 7. d3 Nd7 8. Be3
Nd4 9. O-O Nb8 10. Rb1 Nbc6 11. h3 Rb8 12. a3 a5 13. a4 O-O 14. Kh2 f5 15. f4
Be6 16. b3 Qd7 17. Bg1 Rbe8 18. Nxd4 cxd4 19. exf5 gxf5 20. Nb5 Bf7 21. Bxc6
bxc6 22. Nxd4 Bg6 23. Nf3 e5 24. Be3 Bh5 25. Qd2 e4 26. Nh4 exd3 27. Qxd3 Re4
28. Ng2 Rfe8 29. Rfe1 Qe6 30. Bf2 Be2 31. Qd2 d5 32. cxd5 cxd5 33. b4 Rc8 34.
Rec1 Rxc1 35. Rxc1 axb4 36. Rc5 Bf3 37. Rxd5 h6 38. Ne3 b3 39. Rd6 Qf7 40. Rd7
Re7 41. Rd8+ Kh7 42. Rb8 Rb7 43. Rxb7 Bxb7 44. Nd1 Qe6 45. Kg1 Qe4 46. Kf1 Ba6+
47. Kg1 Bb7 48. Kf1 Ba6+ 49. Kg1 Qe2 50. Qe1 Qf3 51. Ne3 Bb7 52. Kh2 b2 0-1

[Event "89th ch-ARG 2014"]
[Site "Saenz Pena ARG"]
[Date "2014.07.18"]
[Round "12.6"]
[White "Liascovich, Lucas"]
[Black "Pichot, Alan"]
[Result "1-0"]
[WhiteTitle "IM"]
[BlackTitle "IM"]
[WhiteElo "2478"]
[BlackElo "2424"]
[WhiteFideId "108634"]
[BlackFideId "110973"]
[EventDate "2014.07.09"]

1. d4 Nf6 2. Nf3 g6 3. c4 Bg7 4. g3 d6 5. Bg2 O-O 6. O-O c5 7. Nc3 Nc6 8. dxc5
dxc5 9. Be3 Qa5 10. Qb3 Ng4 11. Bf4 e5 12. Bd2 f5 13. e4 Nd4 14. Qd1 Be6 15. Nd5
Nxf3+ 16. Bxf3 Qd8 17. exf5 gxf5 18. Bc3 Nh6 19. Qb3 e4 20. Nf4 Bf7 21. Bxg7
Kxg7 22. Rfd1 Qb6 23. Qc3+ Kg8 24. Bh5 Rad8 25. Bxf7+ Kxf7 26. Nd5 Qc6 27. h3
Ng8 28. Rd2 Rfe8 29. Rad1 Nf6 30. Qe3 Re5 31. Qh6 e3 32. fxe3 Rg8 33. Nxf6 Qxf6
34. Rd7+ Re7 35. Qxh7+ Rg7 36. Qh5+ Rg6 37. R7d6 Re6 38. Rxe6 Kxe6 39. Qf3 Qe5
40. Qd5+ Qxd5 41. cxd5+ Ke5 42. Kf2 b5 43. Kf3 c4 44. d6 Rxd6 45. Rxd6 Kxd6 46.
e4 Ke5 47. exf5 1-0

[Event "89th ch-ARG 2014"]
[Site "Saenz Pena ARG"]
[Date "2014.07.18"]
[Round "12.7"]
[White "Slipak, Sergio"]
[Black "Felgaer, Ruben"]
[Result "0-1"]
[WhiteTitle "GM"]
[BlackTitle "GM"]
[WhiteElo "2452"]
[BlackElo "2549"]
[WhiteFideId "100250"]
[BlackFideId "107069"]
[EventDate "2014.07.09"]

1. Nf3 c5 2. e3 d6 3. d4 Nd7 4. c4 g6 5. Nc3 Bg7 6. g3 b6 7. Bg2 Bb7 8. O-O Ngf6
9. b3 O-O 10. Bb2 a6 11. Qe2 Qc7 12. Rac1 e6 13. Rfd1 Rfd8 14. d5 exd5 15. Nxd5
Bxd5 16. cxd5 Qb7 17. Nd2 b5 18. g4 Re8 19. g5 Nh5 20. Ne4 Qb6 21. Bxg7 Nxg7 22.
h4 Re5 23. Qg4 Nf5 24. Qf4 Rae8 25. b4 c4 26. a4 Ng7 27. axb5 axb5 28. Nc3 f6
29. Qd4 Qb8 30. Bh3 Nf5 31. Bxf5 Rxf5 32. f4 fxg5 33. hxg5 Ne5 34. fxe5 Rxg5+
35. Kf1 dxe5 36. Qe4 Qc8 37. Ke2 Rg4 38. Qh1 Qf5 39. d6 Rf8 40. Qd5+ Kg7 41. Rf1
Qh5 42. Kd2 Qh2+ 43. Ne2 Rg2 44. Qb7+ Kh6 45. Rh1 Rxe2+ 0-1

[Event "89th ch-ARG 2014"]
[Site "Saenz Pena ARG"]
[Date "2014.07.19"]
[Round "13.1"]
[White "Felgaer, Ruben"]
[Black "Alonso, Salvador"]
[Result "1/2-1/2"]
[WhiteTitle "GM"]
[BlackTitle "GM"]
[WhiteElo "2549"]
[BlackElo "2508"]
[WhiteFideId "107069"]
[BlackFideId "105198"]
[EventDate "2014.07.09"]

1. e4 c5 2. Nf3 e6 3. d4 cxd4 4. Nxd4 Nf6 5. Nc3 d6 6. Be3 Nc6 7. f3 d5 8. Bb5
Bd7 9. exd5 Nxd5 10. Nxd5 exd5 11. Qd2 Bd6 12. O-O-O O-O 13. Nb3 Be6 14. Kb1 a6
15. Bd3 a5 16. a4 Nb4 17. Nd4 Nxd3 18. Qxd3 Rc8 19. Rhe1 Bd7 20. Nb5 Bc6 21. g3
Re8 22. Bd4 Rxe1 23. Rxe1 Bf8 24. b3 Qd7 25. Rd1 Qh3 26. Rd2 h5 27. Kb2 Bb4 28.
Re2 Bd7 29. Qe3 Bf8 30. Nc3 Re8 31. Qf2 Rxe2 32. Qxe2 Be6 33. Be5 f6 34. Bd4 Bf7
35. Nb5 Qf5 36. Bc3 b6 37. Bd4 Bc5 38. Qf2 Bxd4+ 39. Nxd4 Qe5 40. Qd2 Bg6 41. f4
Qe4 42. Nb5 Qh1 43. Qf2 Be4 44. h4 Kh7 45. Nc3 Bf5 46. Nb5 Qd1 47. Nd4 Be4 48.
Nb5 Bf5 49. Nc3 Qh1 50. Nb1 Qe4 51. Na3 d4 52. Nc4 d3 53. cxd3 Qxd3 54. Nxb6
Qb1+ 55. Kc3 Qd3+ 56. Kb2 Qb1+ 57. Kc3 Qd3+ 58. Kb2 Qb1+ 1/2-1/2

[Event "89th ch-ARG 2014"]
[Site "Saenz Pena ARG"]
[Date "2014.07.19"]
[Round "13.2"]
[White "Pichot, Alan"]
[Black "Slipak, Sergio"]
[Result "1-0"]
[WhiteTitle "IM"]
[BlackTitle "GM"]
[WhiteElo "2424"]
[BlackElo "2452"]
[WhiteFideId "110973"]
[BlackFideId "100250"]
[EventDate "2014.07.09"]

1. e4 e5 2. Nf3 Nc6 3. Bb5 Nf6 4. d3 Bd6 5. c3 O-O 6. O-O a6 7. Ba4 Re8 8. Re1
b5 9. Bc2 Bf8 10. a4 Rb8 11. axb5 axb5 12. d4 d6 13. h3 h6 14. Nbd2 Bd7 15. Nf1
Ra8 16. Rxa8 Qxa8 17. Ng3 g6 18. Nh4 Bg7 19. Be3 Qd8 20. Nf3 d5 21. dxe5 Nxe4
22. Nxe4 dxe4 23. Bxe4 Nxe5 24. Nxe5 Rxe5 25. Bc6 Re7 26. Bxb5 Qe8 27. Bxd7 Qxd7
28. Qb3 c6 29. Rd1 Qb7 30. Qa3 Kh7 31. b4 Re4 32. Qb3 Qe7 33. c4 Qe6 34. Rc1 f5
35. Qd3 f4 36. Bc5 Bb2 37. Rb1 Bg7 38. Rc1 Bb2 39. Rc2 Bg7 40. Kh2 Re1 41. Qf3
Rb1 42. Qe2 Qf5 43. Bd6 f3 44. gxf3 Qg5 45. Bg3 Rxb4 46. Rd2 Rb1 47. Rd7 h5 48.
Qe5 Qh6 49. Bf4 g5 50. Bxg5 Qg6 51. Qe4 c5 52. Bf6 1-0

[Event "89th ch-ARG 2014"]
[Site "Saenz Pena ARG"]
[Date "2014.07.19"]
[Round "13.3"]
[White "Perez Ponsa, Federico"]
[Black "Liascovich, Lucas"]
[Result "1-0"]
[WhiteTitle "GM"]
[BlackTitle "IM"]
[WhiteElo "2521"]
[BlackElo "2478"]
[WhiteFideId "117927"]
[BlackFideId "108634"]
[EventDate "2014.07.09"]

1. d4 Nf6 2. c4 g6 3. Nc3 d5 4. cxd5 Nxd5 5. e4 Nxc3 6. bxc3 Bg7 7. Nf3 c5 8.
Rb1 O-O 9. Be2 cxd4 10. cxd4 Qa5+ 11. Bd2 Qxa2 12. O-O b6 13. Qc1 Bb7 14. Bc4
Qa4 15. Bb5 Qa2 16. Rb2 Qe6 17. Re1 Rc8 18. Qd1 Qd6 19. e5 Qd5 20. e6 fxe6 21.
Ba4 Ba6 22. Ng5 Bxd4 23. Rb4 Rf8 24. Nf3 Bc4 25. Rxc4 Qxc4 26. Bb3 Qc5 27. Rxe6
Bxf2+ 28. Kh1 Kg7 29. Re5 Qc7 30. Qa1 Rf6 31. Re2 Qc5 32. Bd5 Nc6 33. Bxc6 Rc8
34. Qxa7 Rf7 35. Qa1+ Rf6 36. Be4 e5 37. Bg5 Re6 38. Rc2 1-0

[Event "89th ch-ARG 2014"]
[Site "Saenz Pena ARG"]
[Date "2014.07.19"]
[Round "13.4"]
[White "Mareco, Sandro"]
[Black "Real De Azua, Ernesto"]
[Result "1-0"]
[WhiteTitle "GM"]
[BlackTitle "IM"]
[WhiteElo "2592"]
[BlackElo "2443"]
[WhiteFideId "112275"]
[BlackFideId "108154"]
[EventDate "2014.07.09"]

1. d4 d5 2. c4 c6 3. Nc3 Nf6 4. Nf3 a6 5. e3 Bf5 6. Nh4 Bg4 7. Qb3 Ra7 8. a4 e6
9. h3 Bh5 10. g4 Nfd7 11. Ng2 Bg6 12. Nf4 a5 13. cxd5 exd5 14. h4 Bb4 15. Bd2 h6
16. Nxg6 fxg6 17. Bd3 Qf6 18. f4 Nf8 19. O-O-O b6 20. g5 Qf7 21. Rhf1 Re7 22.
Kb1 Nbd7 23. Qc2 Qe6 24. f5 gxf5 25. Bxf5 Qg8 26. Na2 Bxd2 27. Qxc6 Rxe3 28.
Rxd2 1-0

[Event "89th ch-ARG 2014"]
[Site "Saenz Pena ARG"]
[Date "2014.07.19"]
[Round "13.5"]
[White "Lorenzini, Martin"]
[Black "Obregon, Andres Carlos"]
[Result "0-1"]
[BlackTitle "IM"]
[WhiteElo "2488"]
[BlackElo "2502"]
[WhiteFideId "105570"]
[BlackFideId "111724"]
[EventDate "2014.07.09"]

1. e4 c5 2. Nf3 e6 3. c3 Nf6 4. e5 Nd5 5. g3 d6 6. exd6 Bxd6 7. Bg2 Nc6 8. d4
cxd4 9. Nxd4 Nxd4 10. Qxd4 O-O 11. O-O Qc7 12. Nd2 Bd7 13. Nf3 Bb5 14. Rd1 Rad8
15. Bg5 f6 16. Qe4 Rfe8 17. Bh3 Bd7 18. Bd2 Nb6 19. b3 Bc6 20. Qe2 e5 21. Be1
Qe7 22. Nh4 g6 23. Qc2 e4 24. c4 Nd7 25. Bd2 Bc5 26. Be3 Bxe3 27. fxe3 Ne5 28.
Rxd8 Rxd8 29. Rd1 Rd3 30. Bf1 Qd7 31. Bxd3 exd3 32. Qf2 Qg4 33. Rf1 Qe4 34. Ng2
f5 35. h3 Nf3+ 36. Kh1 d2 37. Rd1 Ne1 38. Rxd2 Nxg2 39. Kh2 Nxe3 40. Qg1 f4 41.
g4 Qe5 42. Rf2 g5 0-1